KOHA-Header-6

Notes on Company law (Record no. 7551)

000 -LEADER
fixed length control field 00260nam a2200109Ia 4500
100 ## - MAIN ENTRY--AUTHOR NAME
Personal name Khalid Petiwala
245 #0 - TITLE STATEMENT
Title Notes on Company law
260 ## - PUBLICATION, DISTRIBUTION, ETC. (IMPRINT)
Place of publication Karachi
Name of publisher Petiwala Book
Year of publication 2013
300 ## - PHYSICAL DESCRIPTION
Number of Pages 300
942 ## - ADDED ENTRY ELEMENTS (KOHA)
Koha item type Books
Holdings
Withdrawn status Lost status Collection code Permanent Location Current Location Shelving location Date acquired Full call number Accession Number Koha item type
    Law MAJU MAJU Shelf No.A46 2019-09-12 346.75 1460 Law

Powered by Koha